00329nam a2200121Ia 4500020001800000082001800018245004300036250000800079260004500087300001400132650003800146700002300184 a9780199547463 aRR423.31 OXF- 0aOxford dictionary of modern quotations a3rd aNew DelhibOxford University Pressc2008 axiii, 479 aQuotatious, EnglishvDictionaries aKnowles, Elizabeth